| 000 | 00809nam a22002177a 4500 | ||
|---|---|---|---|
| 003 | BDDh-ASL | ||
| 005 | 20231016062620.0 | ||
| 008 | 201107s2009 b ||||| |||| 00| 0 b d | ||
| 040 |
_aBDDh-ASL _cBDDh-ASL |
||
| 041 | _abengali | ||
| 082 |
_a927 _bKAM |
||
| 100 | 1 |
_aকয়েস, শামসুল করিম _91709 |
|
| 245 | 1 | 0 | _aমরমি কবি শিতালং শাহ / |
| 246 | _aMarami Kobi Shitalong Shah. | ||
| 260 |
_aসিলেট: _bপারিজাত-৩, _c২০০৯। |
||
| 300 |
_a২৪ পৃষ্ঠা: _c২২ সে. মি. |
||
| 504 | _aগ্রন্থপঞ্জি সংযুক্ত । | ||
| 600 | 1 | 0 |
_aশাহ, শিতালং _97620 |
| 650 | 0 |
_abiographical dictionary - চরিতাভিধান _94665 |
|
| 942 |
_2ddc _cBK |
||
| 999 |
_c31222 _d31222 |
||